| 000 | 00467nam a22001937a 4500 | ||
|---|---|---|---|
| 003 | CEME | ||
| 005 | 20210628202953.0 | ||
| 008 | 210119b xxu||||| |||| 00| 0 eng d | ||
| 020 | _a81-204-0968-X | ||
| 040 | _c. | ||
| 082 | _a671 BAS | ||
| 100 |
_aBasu, S.K, Pal, D.K _962633 |
||
| 245 | _aDesign of machine tools | ||
| 250 | _a4TH | ||
| 260 |
_aNEW DELHI _bOXFORD _c2002 |
||
| 300 | _aXIII,469 P | ||
| 650 |
_aMACHINE TOOLS DESIGN. _962634 |
||
| 942 |
_cBK _2ddc |
||
| 999 |
_c571686 _d571686 |
||